MARC details
| 000 -LEADER |
| campo de control de longitud fija |
01849cam a2200433 a 4500 |
| 001 - NÚMERO DE CONTROL |
| campo de control |
54791 |
| 005 - FECHA Y HORA DE LA ÚLTIMA TRANSACCIÓN |
| campo de control |
20230411085930.0 |
| 008 - DATOS DE LONGITUD FIJA--INFORMACIÓN GENERAL |
| campo de control de longitud fija |
020318s2003 enkab c b 001 0 eng |
| 010 ## - NÚMERO DE CONTROL DE LA BIBLIOTECA DEL CONGRESO |
| Número de control de LC |
2002004285 |
| 035 ## - NÚMERO DE CONTROL DEL SISTEMA |
| Número de control de sistema |
(OCoLC)ocm49565939 |
| 040 ## - FUENTE DE CATALOGACIÓN |
| Centro catalogador/agencia de origen |
DLC |
| Centro/agencia transcriptor |
DLC |
| Centro/agencia modificador |
BAKER |
| -- |
BTCTA |
| -- |
YDXCP |
| 020 ## - NÚMERO INTERNACIONAL ESTÁNDAR DEL LIBRO |
| Número Internacional Estándar del Libro |
0195137477 (alk. paper) |
| 020 ## - NÚMERO INTERNACIONAL ESTÁNDAR DEL LIBRO |
| Número Internacional Estándar del Libro |
9780195137477 (alk. paper) |
| 029 1# - OTRO NÚMERO DE CONTROL DE SISTEMA (OCLC) |
| Identificador de la biblioteca OCLC |
YDXCP |
| Número de control de sistema |
1883748 |
| 035 ## - NÚMERO DE CONTROL DEL SISTEMA |
| Número de control de sistema |
(OCoLC)49565939 |
| 042 ## - CÓDIGO DE AUTENTICACIÓN |
| Código de autenticación |
lcac |
| 043 ## - CÓDIGO DE ÁREA GEOGRÁFICA |
| Código de área geográfica |
n-us--- |
| 050 14 - SIGNATURA TOPOGRÁFICA DE LA BIBLIOTECA DEL CONGRESO |
| Número de clasificación |
E187 |
| Número de ítem |
G778c 2003 |
| 082 00 - NÚMERO DE LA CLASIFICACIÓN DECIMAL DEWEY |
| Número de clasificación |
973.2 |
| 049 ## - FONDOS LOCALES (OCLC) |
| Biblioteca depositaria |
GRAL |
| 100 1# - ENTRADA PRINCIPAL--NOMBRE DE PERSONA |
| Nombre de persona |
Gray, Edward G., |
| Fechas asociadas al nombre |
1964- |
| 245 10 - MENCIÓN DEL TÍTULO |
| Título |
Colonial America : |
| Resto del título |
a history in documents / |
| Mención de responsabilidad, etc. |
Edward G. Gray. |
| 260 ## - PUBLICACIÓN, DISTRIBUCIÓN, ETC. |
| Lugar de publicación, distribución, etc. |
Oxford ; |
| -- |
New York : |
| Nombre del editor, distribuidor, etc. |
Oxford University Press, |
| Fecha de publicación, distribución, etc. |
c2003. |
| 300 ## - DESCRIPCIÓN FÍSICA |
| Extensión |
191 p. ; |
| Dimensiones |
ill., maps ; |
| -- |
27 cm. |
| 440 #0 - MENCIÓN DE SERIE/PUNTO DE ACCESO ADICIONAL--TÍTULO |
| Título |
Pages from history |
| 504 ## - NOTA DE BIBLIOGRAFÍA, ETC. |
| Nota de bibliografía, etc. |
Includes bibliographical references (p. 184-186) and index. |
| 505 0# - NOTA DE CONTENIDO CON FORMATO |
| Nota de contenido con formato |
England expands -- New lands, new lives -- Colonists confront first nations -- Who built the colonies? -- Ties that bind -- A spiritual people -- Gentlewomen and gentlemen -- A world of things. |
| 651 #0 - PUNTO DE ACCESO ADICIONAL DE MATERIA--NOMBRE GEOGRÁFICO |
| Nombre geográfico |
United States |
| Subdivisión general |
History |
| Subdivisión cronológica |
Colonial period, ca. 1600-1775 |
| Subdivisión de forma |
Sources |
| -- |
Juvenile literature. |
| 651 #1 - PUNTO DE ACCESO ADICIONAL DE MATERIA--NOMBRE GEOGRÁFICO |
| Nombre geográfico |
United States |
| Subdivisión general |
History |
| Subdivisión cronológica |
Colonial period, ca. 1600-1775 |
| Subdivisión de forma |
Sources. |
| 856 41 - LOCALIZACIÓN Y ACCESO ELECTRÓNICOS |
| Materiales especificados |
Table of contents only |
| Identificador Uniforme de Recursos |
<a href="http://www.loc.gov/catdir/toc/fy036/2002004285.html">http://www.loc.gov/catdir/toc/fy036/2002004285.html</a> |
| 856 42 - LOCALIZACIÓN Y ACCESO ELECTRÓNICOS |
| Materiales especificados |
Publisher description |
| Identificador Uniforme de Recursos |
<a href="http://www.loc.gov/catdir/enhancements/fy0612/2002004285-d.html">http://www.loc.gov/catdir/enhancements/fy0612/2002004285-d.html</a> |
| 856 42 - LOCALIZACIÓN Y ACCESO ELECTRÓNICOS |
| Materiales especificados |
Contributor biographical information |
| Identificador Uniforme de Recursos |
<a href="http://www.loc.gov/catdir/enhancements/fy0722/2002004285-b.html">http://www.loc.gov/catdir/enhancements/fy0722/2002004285-b.html</a> |
| 938 ## - |
| -- |
Baker and Taylor |
| -- |
BTCP |
| -- |
2002004285 |
| 938 ## - |
| -- |
YBP Library Services |
| -- |
YANK |
| -- |
1883748 |
| 938 ## - |
| -- |
Baker & Taylor |
| -- |
BKTY |
| -- |
37.95 |
| -- |
37.95 |
| -- |
0195137477 |
| -- |
0003958229 |
| -- |
active |
| 942 ## - ELEMENTOS DE ENTRADA SECUNDARIOS (KOHA) |
| Fuente del sistema de clasificación o colocación |
Clasificación de Library of Congress |
| Tipo de ítem Koha |
|
| 994 ## - |
| -- |
C0 |
| -- |
DRFGD |
| 946 ## - PROCESAMIENTO DE INFORMACIÓN LOCAL (OCLC) |
| a |
Lspaulino |